Comprehensive analytical chemistry /
Guardado en:
| Otros Autores: | |
|---|---|
| Formato: | Libro |
| Idioma: | English |
| Publicado: |
Amsterdam :
Elsevier Pub. Co,
1975-
|
| Materias: | |
| Etiquetas: |
Agregar Etiqueta
Sin Etiquetas, Sea el primero en etiquetar este registro!
|
| LEADER | 01241nam a22002895a 4500 | ||
|---|---|---|---|
| 001 | EIQ.libpla000830 | ||
| 008 | 060602s1975####ne#ao####b####000#0#eng#d | ||
| 005 | 20060602192423.0 | ||
| 245 | 0 | 0 | |a Comprehensive analytical chemistry / |c edited by G. Svehla. |
| 260 | |a Amsterdam : |b Elsevier Pub. Co, |c 1975- | ||
| 300 | |a v : |b il., tablas, fotos ; |c 23 cm. | ||
| 504 | |a Incluye referencias bibliográficas. | ||
| 500 | |a Con 134 ilustraciones y 16 tablas. | ||
| 500 | |a Descripción basada en vol. 4. | ||
| 500 | |a La biblioteca posee los volúmenes: 4, 5, 6, 8, 9 y 25. | ||
| 020 | |a 0444411631 (v. 4) | ||
| 700 | 1 | |a Svehla, G. | |
| 740 | 0 | |a Wilson and Wilson's comprehensive analytical chemistry | |
| 650 | 4 | |a Química analítica |x Teoría. | |
| 650 | 4 | |a Chemistry, Analytic |x Theory. | |
| 040 | |a AR-BbSID |b spa |c AR-BbSID | ||
| 859 | |a AR-BbSID |b BIB. PLAPIQUI |h 543 |i C 588 |p 3990 |v V. 25 |3 Vol. 25 | ||
| 859 | |a AR-BbSID |b BIB. PLAPIQUI |h 543 |i C 588 |p 554 |v Vol. 4 |3 Vol. 4 | ||
| 859 | |a AR-BbSID |b BIB. PLAPIQUI |h 543 |i C 588 |p 555 |v Vol. 5 |3 Vol. 5 | ||
| 859 | |a AR-BbSID |b BIB. PLAPIQUI |h 543 |i C 588 |p 556 |v Vol. 6 |3 Vol. 6 | ||
| 859 | |a AR-BbSID |b BIB. PLAPIQUI |h 543 |i C 588 |p 557 |v Vol. 8 |3 Vol. 8 | ||
| 859 | |a AR-BbSID |b BIB. PLAPIQUI |h 543 |i C 588 |p 558 |v Vol. 9 |3 Vol. 9 | ||
